| 000 | 00627nam a2200229Ia 4500 | ||
|---|---|---|---|
| 008 | 171120s9999 xx 000 0 und d | ||
| 020 | _a9710862138 | ||
| 050 | _a260 | ||
| 050 | _bB523 2006 | ||
| 100 | _aBernardo, Henry | ||
| 245 | _aResponding to the call of justice and love : | ||
| 245 | _ban introduction to the social teaching of the Catholic church / | ||
| 245 | _cby Henry Bernardo. | ||
| 260 | _aPhilippines : | ||
| 260 | _bNational Book Store, | ||
| 260 | _c2006 | ||
| 300 | _a292 pages : | ||
| 300 | _billustrations ; | ||
| 300 | _c22cm. | ||
| 650 | _aChristian social theology. | ||
| 700 | _aTitle. | ||
| 999 |
_c345452 _d345452 |
||